Hôn nhân truyền thống dân tộc Thái ở Điện Biên

Giới thiệu các kiến thức cơ bản về hôn nhân truyền thống dân tộc Thái ở Điện Biên như: Hình thức tìm hiểu của đôi trai gái, các bước lễ tục hỏi, lễ tục ở rể, lễ tục kết hôn, lễ trao áo đi nhập ma nhà bên chồng và lễ cúng hồn tạ ơn công sinh thành...

ver descrição completa

Na minha lista:
Detalhes bibliográficos
Autor principal: Lương, Thị Đại
Autor Corporativo: Hội văn nghệ dân gian Việt Nam
Outros Autores: Lương Thị Đại; Lò Xuân Hinh
Idioma:Undetermined
Publicado em: Hà Nội Văn hóa dân tộc 2010
Assuntos:
Tags: Adicionar Tag
Sem tags, seja o primeiro a adicionar uma tag!
Thư viện lưu trữ: Trung tâm Học liệu Trường Đại học Trà Vinh
LEADER 01078nam a2200241Ia 4500
001 TVU_7949
008 210423s9999 xx 000 0 und d
041 |a Vie 
082 |a 392.509597 
082 |b Đ103 
100 |a Lương, Thị Đại 
245 0 |a Hôn nhân truyền thống dân tộc Thái ở Điện Biên 
245 0 |c Lương Thị Đại, Lò Xuân Hinh 
260 |a Hà Nội 
260 |b Văn hóa dân tộc 
260 |c 2010 
300 |a 1049 tr. 
300 |c 21 cm 
520 |a Giới thiệu các kiến thức cơ bản về hôn nhân truyền thống dân tộc Thái ở Điện Biên như: Hình thức tìm hiểu của đôi trai gái, các bước lễ tục hỏi, lễ tục ở rể, lễ tục kết hôn, lễ trao áo đi nhập ma nhà bên chồng và lễ cúng hồn tạ ơn công sinh thành 
650 |a Văn hóa truyền thống; Dân tộc Thái; Điện Biên 
700 |a Lương Thị Đại; Lò Xuân Hinh 
710 |a Hội văn nghệ dân gian Việt Nam 
980 |a Trung tâm Học liệu Trường Đại học Trà Vinh